000 02568nam a2200205 4500
005 20260204140649.0
008 260129b |||||||| |||| 00| 0 eng d
020 _a9788417656744
041 _aEnglish
082 _a745.5
_bYOU
100 _aYoung Anastasia
_9216535
245 _aNew Jewellery Techniques: Curved Scoring and Folding for Metalwork and Silversmithing
260 _aSpain
_bHoaki
_c2024
300 _a168
365 _b2281.03
_cRs.00
520 _aPART ONE INTRODUCTION • A Brief History of Scoring and Folding • Contemporary Influences • Philosophy and Applications PART TWO DIRECTORY OF TOOLS AND MATERIALS • Base and Ferrous Metals • Precious Metals • Tools for Scoring • Forming Tools • Tools for Cutting and Measuring • Heating Tools and Equipment • Other Resources • Workshop Facilities • Health and Safety in the Workshop DIRECTORY OF TECHNIQUES PRINCIPLES OF SCORING • Annealing Metal • Preparing the Wire for Scoring • Shaping Score Wire • Overview of Scoring Techniques • Rolling Mill Scores • Scoring with a Hammer and Block • Scoring with a Planishing Press • Scoring with a Vice and Blocks • Scoring with a Fly Press Traditional Scoring Techniques • Curved Scoring with Traditional Tools • Alternative Scoring Techniques SINGLE-SIDED SCORES • Squares and Rectangles. • Single Curved-Score Fold • Squares and Rectangles • Double Curved-Score Fold • Circles and Ovals • Scores in Linear Forms • The Golden Spiral • Circles with Cut-Outs • Linear Spiral DOUBLE-SIDED SCORES • Linear Scores • Linear Scores: Variations • Radial Scores • Cut-Outs • Partial Scores PROJECTS • Project One: Navette Brooch • Project Two: Triangular Dish • Project Three: Fortune Cookie Pendant COMBINING TECHNIQUES • Textures • Saw Piercing • Curved Surfaces • Curved Surfaces: Metalsmithing • Finishing Techniques • Colouring and Patination • Riveting • Soldering • Troubleshooting PART THREE DESIGN • Introduction to Design • Geometric Shapes • Radial Scores: Variations • Biomorphism • Technical Exploration and Design • Modelmaking • Prototypes • Record Keeping • Practical Considerations for Design REFERENCE 1. Wire and Sheet Comparisons for Scoring 2. Circle Dividers 3. Radial Grid Template 4. Square Grid Template 5. Geometric Shapes 6. Key to Template Diagrams 7. Conversion tables
650 _aJewellery
700 _aWells Paul
_9216536
942 _cBK
999 _c370234
_d370234